00644nam a2200205 a 45000010005000000030009000050080041000140400028000550820016000831000028000992450025001272500007001522600032001593000015001914900025002066500028002319420012002599990017002719520150002884909CO-ViMGA141112s2004 ck r 000 u spa d aCO-ViMGAbspacCO-ViMGA04a893.73 I6531 aIonescu, Ángela9492410aSe fue por el puente a2a aBarcelona : bLabor, c1986 a109 p : il aBolsillo juvenil, 4014aJUEGOS DE INGENIO95058 2ddccBK c16915d16915 00102ddc40708003aMEVIECARbMEVIECARd2015-12-04hVolumen. 1 | 11/jun/2009l0o893.73 I653 p4909r2015-12-04 00:00:00tEj. 1w2015-12-04yBK